States by Tallest Rollercoaster - Statistics

General Stats
  • This quiz has been taken 73 times
  • The average score is 18 of 39
Answer Stats
Height (meters) Coaster State % Correct
128.0 Top Thrill 2 Ohio
96%
126.5 Superman: Escape from Krypton California
93%
139.6 Kingda Ka New Jersey
93%
99.1 Fury 325 North Carolina
82%
74.7 Titan Texas
73%
93.0 Intimidator 305 Virginia
73%
61.0 SheiKra & Mako (Tie) Florida
71%
67.1 Steel Curtain Pennsylvania
68%
61.6 Raging Bull Illinois
66%
66.4 Mr. Freeze Reverse Blast Missouri
61%
63.4 Cannibal Utah
61%
64.0 Wild Eagle Tennessee
59%
63.4 Superman: The Ride Massachusetts
57%
48.5 The Voyage Indiana
55%
63.7 Desperado Nevada
54%
41.5 Hades 360 Wisconsin
54%
63.4 Ride of Steel New York
50%
61.0 Goliath Georgia
48%
60.0 Superman: Ride of Steel Maryland
48%
37.2 Shivering Timbers Michigan
45%
31.0 T3 Kentucky
43%
27.4 Desert Storm Arizona
41%
58.4 Aftershock Idaho
39%
63.1 Wild Thing Minnesota
36%
25.9 Ragin' Cajun Louisiana
32%
45.7 Phobia Phear Coaster Connecticut
30%
40.5 Monster Iowa
30%
24.4 __________ Rattler New Mexico
29%
36.6 Rampage Alabama
27%
22.3 Canobie Corkscrew New Hampshire
25%
46.0 X Coaster Arkansas
23%
35.5 Boomerang Colorado
21%
12.2 Aftershock Alaska
20%
30.5 Excalibur Maine
20%
24.4 Silver Bullet Oklahoma
20%
21.9 Swamp Fox South Carolina
18%
22.9 Timberhawk: Ride of Prey Washington
18%
21.9 Adrenaline Peak Oregon
16%
13.7 Big Dipper West Virginia
11%
No matching quizzes found
Score Distribution
Percent of People with Each Score
Percentile by Number Answered
Your Score History
You have not taken this quiz